| 000 | 00510cam a2200193ua 4500 | ||
|---|---|---|---|
| 020 | _c165.00 | ||
| 041 |
_aeng _h |
||
| 082 |
_a631.51 _bKHA/OP |
||
| 100 | _aKhachatryan, A . | ||
| 245 |
_aOperation of soil working implements in hilly regions / _cA Khachatryan. _hTextual Documents |
||
| 250 |
_a1 / _b. |
||
| 260 |
_aNew Delhi : _bAmerind Publishing Co Pvt Ltd , _c1985. |
||
| 300 | _a231 ; . | ||
| 365 | _a165.00 | ||
| 504 | _a | ||
| 942 | _cBK | ||
| 999 |
_c7374 _d7374 |
||